A comparison of traffic assignment techniques /

Bibliographic Details
Main Author: Chang, D. M. (Duk M.)
Corporate Authors: Texas. State Department of Highways and Public Transportation, Texas Transportation Institute
Other Authors: Dresser, George B.
Format: Government Document Book
Language:English
Published: College Station, Tex. : [Springfield, Va.] : Texas Transportation Institute, the Texas A&M University System ; [Available through the National Technical Information Service], [1990]
Series:Research report (Austin, Tex.) ; 1153-3.
Subjects:

MARC

Tag First Indicator Second Indicator Subfields
LEADER 00000cam a2200000 a 4500
001 in00000970686
005 20150927114201.0
008 910226d19900800txua tb 00010 eng d
027 |a FHWA/TX-90/1153-3 
035 |a (OCoLC)23157616 
035 |9 AEW8319AM 
040 |a CBT  |c CBT  |d TXA  |d UtOrBLW 
049 |a TXAM 
086 |a H1333.7 R311 no. 1153-3  |2 txdocs 
090 |a HE336.T68  |b C53 1990 
090 |a HE203  |b .T43 no.1153-3 
100 1 |a Chang, D. M.  |q (Duk M.) 
245 1 2 |a A comparison of traffic assignment techniques /  |c by Duk M. Chang and George B. Dresser ; sponsored by Texas State Department of Highways and Public Transportation in cooperation with the U.S. Department of Transportation, Federal Highway Administration. 
264 1 |a College Station, Tex. :  |b Texas Transportation Institute, the Texas A&M University System ;  |a [Springfield, Va.] :  |b [Available through the National Technical Information Service],  |c [1990] 
300 |a vii, 55 pages :  |b illustrations ;  |c 28 cm. 
336 |a text  |b txt  |2 rdacontent 
337 |a unmediated  |b n  |2 rdamedia 
338 |a volume  |b nc  |2 rdacarrier 
490 1 |a Research report ;  |v 1153-3 
513 |a Interim report.  |b Sept. 1989-Aug. 1990. 
500 |a "August 1990." 
504 |a Includes bibliographical references. 
536 |a Sponsored by Texas State Dept. of Highways & Public Transportation.  |d Research study number 2-10-89-1153. 
650 0 |a Traffic assignment. 
650 0 |a Traffic estimation. 
700 1 |a Dresser, George B. 
710 1 |a Texas.  |b State Department of Highways and Public Transportation. 
710 2 |a Texas Transportation Institute. 
830 0 |a Research report (Austin, Tex.) ;  |v 1153-3. 
999 |a MARS 
999 f f |s 472bccc1-855a-3e1e-bcb0-06f34bae02a0  |i d26e33b7-d5e6-3199-b033-22a463580818  |t 0 
952 f f |p ric  |a Texas A&M University  |b Rellis Campus  |c Joint Library Facility  |d Remote Storage  |t 0  |e HE203 .T43 no.1153-3  |h Library of Congress classification  |i unmediated -- volume  |m A14814078826 
998 f f |a HE203 .T43 no.1153-3  |t 0  |l Remote Storage